000
00215nam a2200097Ia 4500
005
20251222114355.0
008
251222s1900||||xx |||||||||||||| ||spa||
082
_a
DVD0010/G36/2007/BR
245
0
_a
Hitman:
942
_c
DVD
999
_c
1401
_d
1401